Les plus gros partenaires commerciaux - Philippines - Statistiques

Statistiques générales
  • Ce quiz a été pris 84 fois
  • Le résultat moyen est 16 sur 19
Statistiques - réponses
exportations importations pays % Correct
12,8 md 18,4 md Chine
99%
8,67 md 7,68 md Etats-Unis
97%
0,73 md 1,01 md France
97%
11,7 md 10,2 md Japon
94%
2,29 md 2,01 md Allemagne
93%
0,49 md 0,97 md Australie
93%
1,52 md Inde
93%
0,59 md 4,71 md Indonésie
93%
2,10 md 5,62 md Corée du Sud
92%
0,75 md 1,98 md Viêt Nam
89%
2,06 md 5,37 md Taïwan
88%
1,19 md 3,42 md Malaisie
86%
3,70 md 5,60 md Singapour
86%
2,13 md 6,73 md Thaïlande
86%
0,52 md Canada
85%
0,54 md Mexique
75%
1,09 md Arabie Saoudite
71%
1,72 md Pays-Bas
63%
1,01 md Koweït
24%
Aucun quiz correspondant
Distribution des résultats
% des personnes avec chaque résultat
Percentile par nombre de réponses
Votre historique - résultats
Vous n’avez pas pris ce quiz